00890nam a22002297a 450000500170000001000130001702000260003003500130005603700160006904000120008508200150009724501330011226000420024527000450028730000250033250000610035765000360041865000370045494200240049199900190051595201260053420170124110047.0 aB-160924 c595.00a9788170999768 aB-160924 bCen Lib/Ret aDPLbEN a613.8bDRU aDrugs and substance abuse problems :cedited by Madan C.Paulbinterdisciplinary studies of cause, consequences vand prevention / aNew Delhi bMittal Publicationsc2005 bNew Delhi aA-110, mohan garden e110059 axiv, 302p.c21cm(Hb) aIncludes appendix, bibliographical references and index  aMedical science xDrugs 924728 aCauses and prevention v 924729 2ddccENh613.8mDRU c128886d128886 00104070aLbLd2015-07-03eCen Lib/Retg595.00l0o613.8 DRUpB-160924r2015-07-03 00:00:00t1v595.00w2015-07-03yEN